<?xml version="1.0" encoding="UTF-8"?>
<record
    xmlns:xsi="http://www.w3.org/2001/XMLSchema-instance"
    xsi:schemaLocation="http://www.loc.gov/MARC21/slim http://www.loc.gov/standards/marcxml/schema/MARC21slim.xsd"
    xmlns="http://www.loc.gov/MARC21/slim">

  <leader>01341nam a22002417a 4500</leader>
  <datafield tag="999" ind1=" " ind2=" ">
    <subfield code="c">53910</subfield>
    <subfield code="d">53910</subfield>
  </datafield>
  <controlfield tag="005">20210617100012.0</controlfield>
  <controlfield tag="008">      s2550                        tha d</controlfield>
  <datafield tag="040" ind1=" " ind2=" ">
    <subfield code="a">NALT</subfield>
  </datafield>
  <datafield tag="041" ind1=" " ind2=" ">
    <subfield code="a">tha</subfield>
  </datafield>
  <datafield tag="050" ind1=" " ind2=" ">
    <subfield code="a">TR 897.7 </subfield>
    <subfield code="b">&#xE01;314&#xE2D; 2550</subfield>
  </datafield>
  <datafield tag="245" ind1="1" ind2="0">
    <subfield code="a">Adobe flash CS3 professional classroom in a book =</subfield>
    <subfield code="b">&#xE04;&#xE39;&#xE48;&#xE21;&#xE37;&#xE2D;&#xE01;&#xE32;&#xE23;&#xE43;&#xE0A;&#xE49;&#xE07;&#xE32;&#xE19;&#xE40;&#xE0A;&#xE34;&#xE07;&#xE1B;&#xE0E;&#xE34;&#xE1A;&#xE31;&#xE15;&#xE34;&#xE01;&#xE32;&#xE23; &#xE09;&#xE1A;&#xE31;&#xE1A;&#xE2A;&#xE21;&#xE1A;&#xE39;&#xE23;&#xE13;&#xE4C; /</subfield>
    <subfield code="c">Adobe Creative Team ; &#xE41;&#xE1B;&#xE25;&#xE41;&#xE25;&#xE30;&#xE40;&#xE23;&#xE35;&#xE22;&#xE1A;&#xE40;&#xE23;&#xE35;&#xE22;&#xE07;&#xE42;&#xE14;&#xE22; &#xE44;&#xE1E;&#xE11;&#xE39;&#xE23;&#xE22;&#xE4C; &#xE1B;&#xE23;&#xE30;&#xE21;&#xE27;&#xE25;&#xE0A;&#xE31;&#xE22;&#xE01;&#xE38;&#xE25;.       </subfield>
  </datafield>
  <datafield tag="260" ind1="3" ind2=" ">
    <subfield code="a">&#xE01;&#xE23;&#xE38;&#xE07;&#xE40;&#xE17;&#xE1E;&#xE2F;</subfield>
    <subfield code="c">2550</subfield>
  </datafield>
  <datafield tag="300" ind1=" " ind2=" ">
    <subfield code="a">335 &#xE2B;&#xE19;&#xE49;&#xE32; :</subfield>
    <subfield code="b">&#xE20;&#xE32;&#xE1E;&#xE1B;&#xE23;&#xE30;&#xE01;&#xE2D;&#xE1A; ;</subfield>
    <subfield code="c">21 &#xE0B;&#xE21;.</subfield>
  </datafield>
  <datafield tag="650" ind1=" " ind2="0">
    <subfield code="a">&#xE40;&#xE27;&#xE47;&#xE1A;&#xE44;&#xE0B;&#xE15;&#xE4C;</subfield>
    <subfield code="x">&#xE01;&#xE32;&#xE23;&#xE2D;&#xE2D;&#xE01;&#xE41;&#xE1A;&#xE1A;</subfield>
    <subfield code="9">12318</subfield>
  </datafield>
  <datafield tag="650" ind1=" " ind2="0">
    <subfield code="a">&#xE01;&#xE32;&#xE23;&#xE2A;&#xE23;&#xE49;&#xE32;&#xE07;&#xE20;&#xE32;&#xE1E;&#xE40;&#xE04;&#xE25;&#xE37;&#xE48;&#xE2D;&#xE19;&#xE44;&#xE2B;&#xE27;&#xE14;&#xE49;&#xE27;&#xE22;&#xE04;&#xE2D;&#xE21;&#xE1E;&#xE34;&#xE27;&#xE40;&#xE15;&#xE2D;&#xE23;&#xE4C;</subfield>
    <subfield code="9">10213</subfield>
  </datafield>
  <datafield tag="650" ind1=" " ind2="4">
    <subfield code="a">&#xE41;&#xE1F;&#xE25;&#xE0A; (&#xE41;&#xE1F;&#xE49;&#xE21;&#xE02;&#xE49;&#xE2D;&#xE21;&#xE39;&#xE25;&#xE04;&#xE2D;&#xE21;&#xE1E;&#xE34;&#xE27;&#xE40;&#xE15;&#xE2D;&#xE23;&#xE4C;)</subfield>
    <subfield code="9">48813</subfield>
  </datafield>
  <datafield tag="650" ind1=" " ind2="4">
    <subfield code="a">&#xE2D;&#xE34;&#xE19;&#xE40;&#xE15;&#xE2D;&#xE23;&#xE4C;&#xE41;&#xE2D;&#xE04;&#xE17;&#xE35;&#xE1F;&#xE21;&#xE31;&#xE25;&#xE15;&#xE34;&#xE21;&#xE35;&#xE40;&#xE14;&#xE35;&#xE22;</subfield>
    <subfield code="9">48814</subfield>
  </datafield>
  <datafield tag="700" ind1="0" ind2=" ">
    <subfield code="9">48815</subfield>
    <subfield code="a">&#xE44;&#xE1E;&#xE11;&#xE39;&#xE23;&#xE22;&#xE4C; &#xE1B;&#xE23;&#xE30;&#xE21;&#xE27;&#xE25;&#xE0A;&#xE31;&#xE22;&#xE01;&#xE38;&#xE25;</subfield>
  </datafield>
  <datafield tag="710" ind1="0" ind2=" ">
    <subfield code="9">48816</subfield>
    <subfield code="a">Adobe Creative Team</subfield>
  </datafield>
  <datafield tag="850" ind1=" " ind2=" ">
    <subfield code="a">NALT</subfield>
  </datafield>
  <datafield tag="942" ind1=" " ind2=" ">
    <subfield code="c">GB</subfield>
    <subfield code="2">lcc</subfield>
  </datafield>
  <datafield tag="998" ind1=" " ind2=" ">
    <subfield code="j">1020</subfield>
    <subfield code="k"> &#xE08;&#xE33;&#xE40;&#xE23;&#xE35;&#xE22;&#xE07; &#xE23;&#xE30;&#xE27;&#xE31;&#xE07;&#xE2A;&#xE33;&#xE42;&#xE23;&#xE07;</subfield>
  </datafield>
  <datafield tag="952" ind1=" " ind2=" ">
    <subfield code="0">0</subfield>
    <subfield code="1">0</subfield>
    <subfield code="4">0</subfield>
    <subfield code="7">0</subfield>
    <subfield code="8">CGBL</subfield>
    <subfield code="a">NALT</subfield>
    <subfield code="b">NALT</subfield>
    <subfield code="e">&#xE08;&#xE31;&#xE14;&#xE0B;&#xE37;&#xE49;&#xE2D;&#xE17;&#xE23;&#xE31;&#xE1E;&#xE22;&#xE32;&#xE01;&#xE23;</subfield>
    <subfield code="g">345.00</subfield>
    <subfield code="l">0</subfield>
    <subfield code="o">TR 897.7 &#xE01;314&#xE2D;  2550</subfield>
    <subfield code="p">3961175044</subfield>
    <subfield code="r">2017-06-09 00:00:00</subfield>
    <subfield code="v">395.00</subfield>
    <subfield code="w">2017-06-09</subfield>
    <subfield code="y">GB</subfield>
  </datafield>
</record>
